Statistiques concernant AFI top 100 films 2007

Cliquez ici pour prendre le quiz!

Statistiques générales

  • Ce quiz a été pris 28 fois
  • Le résultat moyen est 24 sur 100

Statistiques - réponses

HintRéponse% Correct
2Le Parrain
82%
30Apocalypse Now
68%
1Citizen Kane
68%
76Forrest Gump
64%
14Psychose
64%
6Autant en emporte le vent
59%
3Casablanca
59%
94Pulp Fiction
59%
8La liste de Schindler
55%
56Les Dents de la mer
55%
70Orange mécanique
55%
83Titanic
55%
71Il faut sauver le soldat Ryan
45%
92Les Affranchis
45%
9Sueurs froides
45%
100Ben-Hur
41%
5Chantons sous la pluie
41%
74Le Silence des agneaux
41%
86Platoon
41%
52Taxi driver
41%
53Voyage au bout de l'enfer
41%
32Le Parrain 2ème partie
36%
72Les évadés
36%
78Les Temps modernes
36%
4Raging Bull
36%
48Fenêtre sur cour
32%
55La Mort aux trousses
32%
12La Prisonnière du désert
32%
20La vie est belle
32%
7Lawrence d'Arabie
32%
17Le Lauréat
32%
11Les Lumières de la ville
32%
33Vol au-dessus d'un nid de coucou
32%
34Blanche-Neige et les Sept Nains
27%
16Boulevard du crépuscule
27%
22Certains l'aiment chaud
27%
80La Garçonnière
27%
10Le Magicien d'Oz
27%
66Les Aventuriers de l'Arche perdue
27%
23Les Raisins de la colère
27%
57Rocky
27%
81Spartacus
27%
19Sur les quais
27%
51West Side Story
27%
73Butch Cassidy et le Kid
23%
39Docteur Folamour
23%
87Douze hommes en colère
23%
24E.T. l'extra-terrestre
23%
13Star Wars : Un nouvel espoir
23%
99Toy Story
23%
35Annie Hall
18%
29Assurance sur la mort
18%
97Blade runner
18%
21Chinatown
18%
28Eve
18%
68Impitoyable
18%
40La Mélodie du bonheur
18%
58La Ruée vers l'or
18%
82L'Aurore
18%
47Un Tramway nommé Désir
18%
42Bonnie et Clyde
14%
50Le Seigneur des anneaux : La communauté de l'anneau
14%
38Le Trésor de la Sierra Madre
14%
43Macadam Cowboy
14%
69Tootsie
14%
93French Connection
9%
49Intolérance
9%
41King Kong
9%
79La Horde sauvage
9%
91Le Choix de Sophie
9%
18Le Mécano de la Générale
9%
88L'Impossible Monsieur bébé
9%
54MASH
9%
59Nashville
9%
64Network
9%
85Une nuit à l'opéra
9%
152001 : L'odyssée dans l'espace
5%
62American Graffiti
5%
63Cabaret
5%
25Du silence et des ombres
5%
84Easy Rider
5%
31Le Faucon maltais
5%
36Le Pont sur la rivière Kwaï
5%
77Les Hommes du président
5%
27Le train sifflera trois fois
5%
26Mr. Smith au Sénat
5%
46New York Miami
5%
89Sixième sens
5%
75Dans la chaleur de la nuit
0%
96Do the Right Thing
0%
44Indiscrétions
0%
98La Glorieuse Parade
0%
60La Soupe au canard
0%
37Les Plus belles années de notre vie
0%
61Les Voyages de Sullivan
0%
45L'Homme des vallées perdues
0%
65L'Odyssée de l'African Queen
0%
67Qui a peur de Virginia Woolf ?
0%
90Sur les ailes de la danse
0%
95The Last Picture Show
0%

Distribution des résultats

Percentile par nombre de réponses

% des personnes avec chaque résultat

Votre développement - résultats

Vous n’avez pas pris ce quiz